000 00535cam a2200205ua 4500
001 9327
008 150622n ii |||gr||||Z||||||asm
040 _cMAIN
041 _aasm
082 _a940
100 _aHussain, Tasadduque Amanul,
_eAuthor.
245 1 _aEuropar itihash
_cby Tasadduque Amanul Hussain
250 _aRev. ed.
260 _aDibrugarh:
_bBanalata,
_c2012.
300 _a262p.
653 _aHistory of Europe
653 _a European history
700 _aBhattacharyya, Dhirendra Narayan,
_eAuthor.
942 _cBK
999 _c8388
_d8388